[Event "Bogota IRT GP U14"]
[Site "Bogota"]
[Date "2009.04.10"]
[Round "3.2"]
[White "Padilla, Brayan David"]
[Black "Juez, Henry David"]
[Result "0-1"]
[WhiteElo "1958"]
[BlackElo "2030"]
[PlyCount "20"]
[EventDate "2009.04.10"]
[EventType "swiss"]
[EventRounds "6"]
[EventCountry "COL"]
[SourceTitle "EXT 2024"]
[Source "ChessBase"]
[SourceDate "2023.10.10"]
[SourceVersion "1"]
[SourceVersionDate "2023.10.10"]
[SourceQuality "1"]

1. e4 e5 2. Nf3 Nc6 3. Bc4 Nf6 4. d3 Be7 5. Nc3 0-0 6. Bg5 d6 7. Bxf6 Bxf6 8. 0-0 Bg4 9. h3 Bh5 10. Nd5 Nd4 0-1

[Event "COL-ch U10 Beginners"]
[Site "Manizales"]
[Date "2009.01.11"]
[Round "7.6"]
[White "Franco, Jhonatan1111"]
[Black "Padilla, Brayan David"]
[Result "0-1"]
[WhiteElo "1300"]
[BlackElo "1300"]
[PlyCount "28"]
[EventDate "2009.01.08"]
[EventType "swiss"]
[EventRounds "7"]
[EventCountry "COL"]
[SourceTitle "EXT 2024"]
[Source "ChessBase"]
[SourceDate "2023.10.10"]
[SourceVersion "1"]
[SourceVersionDate "2023.10.10"]
[SourceQuality "1"]

1. e4 e5 2. Nf3 Nc6 3. Bc4 Bc5 4. Ng5 Qxg5 5. 0-0 Nf6 6. Qe2 Nd4 7. Qd3 0-0 8. g3 Ng4 9. h4 Qf6 10. Na3 Nc6 11. Qc3 Bxf2+ 12. Kg2 Nd4 13. d3 Qf3+ 14. Kh3 Qxg3# 0-1

[Event "COL-ch U10 Beginners"]
[Site "Manizales"]
[Date "2009.01.09"]
[Round "4.2"]
[White "Padilla, Brayan David"]
[Black "Molina, Juan Manuel"]
[Result "0-1"]
[WhiteElo "1300"]
[BlackElo "1600"]
[PlyCount "60"]
[EventDate "2009.01.08"]
[EventType "swiss"]
[EventRounds "7"]
[EventCountry "COL"]
[SourceTitle "EXT 2024"]
[Source "ChessBase"]
[SourceDate "2023.10.10"]
[SourceVersion "1"]
[SourceVersionDate "2023.10.10"]
[SourceQuality "1"]

1. e4 e5 2. Bc4 Nh6 3. Nf3 Nc6 4. d3 Bb4+ 5. Nc3 0-0 6. 0-0 d6 7. Bxh6 gxh6 8. h3 a6 9. a3 Bc5 10. b4 b5 11. Bb3 Bb6 12. Nd5 Be6 13. Nxb6 cxb6 14. Bxe6 fxe6 15. Qd2 Rf6 16. g4 Ra7 17. g5 hxg5 18. Qxg5+ Rg7 19. Qxg7+ Kxg7 20. Nh4 Kh8 21. Rfe1 Qg8+ 22. Ng2 Nd4 23. Re3 Nf3+ 24. Kh1 Nd2 25. Rg3 Qf8 26. Rd1 Rxf2 27. Nh4 Nf3 28. Rg6 Nxh4 29. Rg4 Qf3+ 30. Kg1 Qxd1+ 0-1